LEADER 01093nam a2200289 u 4500 001 000000072317 003 CaOOAMICUS 005 20070226122228.0 008 020613s1992 it u000 u ita u 020 $a8821162834 035 $a10933305 040 $aPUL(R)$bita 245 02$aL'idea drammatica in Mozart /$ca cura di Stelio Mazziotti. 260 $aGenova :$bMarietti,$c1992. 300 $a132 p. ;$c20 cm 490 1 $aI Rombi 504 $aBibliografia in nota. 600 14$aMozart, Wolfgang Amadeus,$d1756-1791.$0(OLS)http://pul/subject/12987 700 1 $aMazziotti, Stelio.$0(OLS)http://pul/name/47870 830 2$aI Rombi.$0(OLS)http://pul/title/3958 850 $aPUL 852 $aPUL$W1$xDP1 Cons. Gen., Altre Classi 1$y22$m845 L 31$j93550$nBK-PRI$b $qStampati$B93550$CPULBib$Z2$F93550 $H $81 941 1 $a8 961 $aINV: 68973 996 $6020$a8821162834$9(OLS)http://pul/number/93367 996 $6245$aL'idea drammatica in Mozart$9(OLS)http://pul/title/95134 996 $6260$aGenova :$bMarietti$9(OLS)http://pul/publisher/48994 LEADER 01454nam a2200337 u 4500 001 000000077457 003 CaOOAMICUS 005 20070226123325.0 008 040205s2003 it u000 u ita u 020 $a8882946142 035 $a10983563 040 $aPUL$bita 110 1 $aItalia.$0(OLS)http://pul/name/1188 240 10$aCodice civile$9(Italia).$0(OLS)http://pul/title/51181 245 13$aIl codice civile :$bannotato con la giurisprudenza /$ca cura di Francesco Bartolini, Pietro Dubolino. 250 $a2. ed. 260 $aPiacenza :$bLa Tribuna,$c2003. 300 $a2941 p. ;$c25 cm 490 1 $aTribuna Evoluzione 500 $aContiene indice. 630 04$aCodice civile$9(Italia).$0(OLS)http://pul/subject/19974 650 4$aDiritto civile$zItalia.$0(OLS)http://pul/subject/3770 700 1 $aDubolino, Pietro.$0(OLS)http://pul/name/40830 700 1 $aBartolini, Francesco,$d1942-$0(OLS)http://pul/name/35926 830 0$aTribuna Evoluzione.$0(OLS)http://pul/title/101545 850 $aPUL 852 $aPUL$W1$xDP2 Diritto e Scienze Sociali 2$y100$mUtrCiv E 39$j99492$nBK-PRI$qStampati Altre Collocazioni$B99492$CPULBib$Z2$F99492 $H93741 $82 941 1 $a10 996 $6020$a8882946142$9(OLS)http://pul/number/101530 996 $6245$aIl codice civile :$bannotato con la giurisprudenza$9(OLS)http://pul/title/101558 996 $6260$aPiacenza :$bLa Tribuna$9(OLS)http://pul/publisher/69734